Košice

Zobrazenie: Päť čiastkových pohľadov na bielom podklade na námestie s Dómom sv. Alžbety vpravo v pozadí. Pohľad na katedrálu sprava. Pohľad na námestie z iného uhla, v popredí park. Pohľad na námestie z výšky, uprostred s divadlom. Pohľad na národné divadlo sprava, vpravo v pozadí s časťou katedrály...

Celý popis

Podrobná bibliografia
Médium: Fotografia
Jazyk:slovenčina
maďarčina
Fyzický popis:1 pohľadnica (5 čiastkových pohľadov) čiernobiela 9 x 14 cm
Vydavateľské údaje: [Slovensko?] N. B. K. 1919
Predmet:

MARC

LEADER 00000ckm a2200000 a 4500
001 vtls011571954
003 SK-MaSNL
005 20260302052131.0
007 kf bo
008 230706s1919 xo g kuslo
015 |a SNBG1919 
035 |a urn:nbn:sk:snk-km00dzc9 
035 |a urn:nbn:sk:snk-km3lnwz 
035 |a 8EF30D79-5DBE-4DB3-8CCF-06E7739BC72B 
040 |a SNK  |b slo  |c SNK  |e AACR2 
041 0 |a slo  |a hun 
043 |a e-xo--- 
044 |a xo  |c SK 
072 7 |a 913  |x Regionálna geografia  |2 konspekt 
080 |a 913(437.6)  |2 2011 
080 |a 904(084.121)  |2 2011 
080 |a 792.05  |2 2011 
080 |a 726:27-523.41  |2 2011 
080 |a 712.253  |2 2011 
080 |a 711.61  |2 2011 
245 0 0 |a Košice  |h grafika 
246 3 1 |a Kassa 
260 |a [Slovensko?]  |b N. B. K.  |c 1919 
300 |a 1 pohľadnica (5 čiastkových pohľadov)  |b čiernobiela  |c 9 x 14 cm 
500 |a Názvové údaje prevzaté z obrazovej časti pohľadnice 
520 8 |a Zobrazenie: Päť čiastkových pohľadov na bielom podklade na námestie s Dómom sv. Alžbety vpravo v pozadí. Pohľad na katedrálu sprava. Pohľad na námestie z iného uhla, v popredí park. Pohľad na námestie z výšky, uprostred s divadlom. Pohľad na národné divadlo sprava, vpravo v pozadí s časťou katedrály 
546 |a Súbežný názov v maď. 
610 2 7 |a Dóm sv. Alžbety (Košice, Slovensko)  |2 SNKKA  |9 34070 
610 2 7 |a Národné divadlo v Košiciach  |2 SNKKA  |9 35765 
650 0 7 |a divadlá  |2 SNKPH  |9 29113 
650 0 7 |a katedrály  |2 SNKPH  |9 3032 
650 0 7 |a parky  |2 SNKPH  |9 2942 
650 0 7 |a námestia  |2 SNKPH  |9 26291 
651 7 |a Košice (Slovensko)  |2 SNKPHgeo  |9 18694 
655 7 |a miestne pohľadnice  |2 SNKPH  |9 70510 
655 7 |a pohľadnice kultúrnych pamiatok  |2 SNKPH  |9 70523 
852 |a Slovenská národná knižnica 
958 |a GBN 
958 |a GC 
958 |a ONDV 
999 |c 1103949  |d 1105879 
952 |a SNK  |b SNK  |y PREZ  |7 0  |p 17A1199015  |o snkSP 7151  |z Pohľadnica prešla poštou.  |0 0  |1 0  |4 0  |d 2016-08-09  |f 1  |l 0  |r 2026-02-24 17:40:25  |w 2026-02-24